Piłkarska kariera Pavela Nedveda. - Statystyki

Ogólne statystyki
  • Ten quiz został rozwiązany 55 razy
  • Średni wynik to 2 z 5
Statystyki odpowiedzi
Lata Drużyna % Poprawnych
2001-2009 Juventus
100%
1992-1996 Sparta Praga
64%
1996-2001 Lazio
44%
1991-1992 Dukla Praga
4%
1990-1991 Skoda Plzen
2%
Nie znaleziono quizów pasujących do podanych kryteriów
Rozkład punktacji
Procent ludzi z każdym wynikiem
Percentyl według liczby udzielonych odpowiedzi
Twoja historia wyników
Nie rozwiązałeś tego quizu